Discourse analysis : an introduction
Αποθηκεύτηκε σε:
| Κύριος συγγραφέας: | |
|---|---|
| Μορφή: | Βιβλίο |
| Γλώσσα: | English |
| Δημοσίευση: |
Athens :
Hillside Press,
2006
|
| Θέματα: | |
| Ετικέτες: |
Προσθήκη ετικέτας
Δεν υπάρχουν, Καταχωρήστε ετικέτα πρώτοι!
|
MARC
| LEADER | 00000nam a2200000 i 4500 | ||
|---|---|---|---|
| 001 | 1/18662 | ||
| 008 | 120328s2006 eng d | ||
| 020 | |a 960-424-258-x | ||
| 035 | |l 10112149 | ||
| 040 | |a GR-MY-UA |b gre |e aacr | ||
| 041 | 0 | |a eng | |
| 082 | 0 | |a 401.41 |2 (21) | |
| 100 | 1 | |a Σιφιανού, Μαρία. | |
| 245 | 1 | 0 | |a Discourse analysis : |b an introduction / |c Maria Sifianou |
| 260 | |a Athens : |b Hillside Press, |c 2006 | ||
| 300 | |a 229 σ.; |c 24 εκ. | ||
| 504 | |a Περιέχει βιβλιογραφικές αναφορές και ευρετήριο | ||
| 650 | 0 | 0 | |a Discourse analysis. |
| 852 | |a INST |b RHODES |c EUDOXUS |e 20120328 |h 401.41 ΣΙΦ |p 005400034235 |q 005400034235 |t EDX |y 0 | ||
| 852 | |a INST |b RHODES |c EUDOXUS |e 20150129 |h 401.41 ΣΙΦ |p 005400037540 |q 005400037540 |t EDX |y 0 | ||
| 901 | |a BIBL4-2012-1 | ||
| 901 | |a BIBL4-2015-1 | ||
| 909 | |a Ρ |b 170883 | ||
| 909 | |a Ρ |b 183859 | ||
| 920 | |a ΕΥΔΟΞΟΣ |b ΕΠΙΣΤΡΟΦΗ |y ΡΟΔΟΣ |z 2012-03 | ||
| 920 | |a ΕΥΔΟΞΟΣ |b ΠΑΡΑΓΓΕΛΙΑ |y ΡΟΔΟΣ-ΤΜΣ |z 2014-12 | ||
| 970 | |z 2012/03/28 | ||